| 000 | 00451 a2200157 4500 | ||
|---|---|---|---|
| 020 | _a 041522862X | ||
| 082 | _a 192 | ||
| 090 |
_c3108 _d3108 |
||
| 100 | _aRussell, Bertrand | ||
| 245 |
_a Autobiography _c Bertrand Russell |
||
| 260 |
_aLondon ; _bNew York : Routledge, _c2000. |
||
| 300 |
_axv, 750 p. . _c 20 cm |
||
| 500 | _a Includes Index | ||
| 650 | _a1 Russell, Bertrand, 1872-1970. 2.Philosophers --England --Biography. | ||
| 942 |
_cBK _k192 RUS |
||
| 999 |
_c7023 _d7023 |
||